| 000 | 00000nam 2200000za 4500 |
| 001 | 9.817101 |
| 003 | CaOODSP |
| 005 | 20240219183406 |
| 007 | cr ||||||||||| |
| 008 | 160506s2012 xxc|||||o f000 0 eng d |
| 040 | |aCaOODSP|beng |
| 041 | |aeng|bfre |
| 043 | |an-cn--- |
| 086 | 1 |aD68-3/119-2012E-PDF |
| 100 | 1 |aTunaley, James K.E. |
| 245 | 14|aThe theory of internal wave wakes |h[electronic resource] / |c[by] James K.E. Tunaley. |
| 260 | |aOttawa : |bDefence Research and Development Canada, |c2012. |
| 300 | |ax, 40 p. : |bgraphs. |
| 490 | 1 |aContract report ; |v2012-119 |
| 500 | |aJune 2012. |
| 500 | |a"DRDC Ottawa CR 2012-119." |
| 504 | |aIncludes bibliographical references. |
| 546 | |aText in English, abstract in English and French. |
| 692 | 07|2gccst|aExperiments |
| 710 | 2 |aDefence R&D Canada. |
| 830 | #0|aContract report (Defence R&D Canada)|v2012-119|w(CaOODSP)9.802312 |
| 856 | 40|qPDF|s572 KB|uhttps://publications.gc.ca/collections/collection_2016/rddc-drdc/D68-3-119-2012-eng.pdf |